000 00694nam a2200241Ia 4500
008 160319s9999 xx 000 0 und d
020 _a971-23-4051-1
050 _aFIL PE 1130.5
050 _b.P45R63 2005
100 _aRobles, Rosemarie D.
245 _aImproving grammar skills and more /
245 _cRosemarie D. Robles.
250 _aUpdated Edition
260 _aManila:
260 _bRex Book Store, Inc.,
260 _c2005
300 _a141 pages :
300 _billustrations ;
300 _c22 cm.
500 _aIncludes bibliographical references and index.
650 _aEnglish language -- Grammar.
650 _xEnglish language -- Composition and exercises.
999 _c291750
_d291750